000 00292nam a2200133Ia 4500
008 221030s9999 xx 000 0 und d
041 _aEnglish
082 _a105.23
100 _aG. S. Gupta
245 0 _aManagerial Economics
_cby G. S. Gupta
260 _c0
650 _aMb
942 _cBK
999 _c11852
_d11852